Statystyki dla TOP 10 piosenek - Mata

Kliknij tutaj aby rozwiązać quiz!

Ogólne statystyki

  • Ten quiz został rozwiązany 8 329 razy
    (8 122 od ostatniego zresetowania)
  • Średni wynik to 5 z 10

Statystyki odpowiedzi

#viewsutwór% Poprawnych
359 mlnPatoreakcja
83%
457 mlnPatointeligencja
82%
160 mlnKiss Cam
81%
260 mlnSchodki
78%
832 mln100 dni do matury
55%
740 mlnGOMBAO 33
43%
640 mlnPapuga
42%
1022 mlnMATA MONTANA
34%
543 mlnA nie pamiętasz jak?
18%
928 mlnHotel Maffija
11%

Rozkład punktacji

Percentyl według liczby udzielonych odpowiedzi

Procent ludzi z każdym wynikiem

Twoja historia wyników

Nie rozwiązałeś tego quizu od ostatniego zresetowania